000 00472nam a2200145Ia 4500
008 231129s2000||||xx |||||||||||||| ||spa||
020 _a958-691-079-2
040 _bspa
082 _a649.1 T289p
100 _aTenorio Maria Cristina
245 0 _aPautas y practicas de crianza en veintitres regiones del pais
260 _c2000
264 _aMinisterio de Educacion Nacional. Organizacion de Estados Americanos
942 _2ddc
_cBKS
999 _c22499
_d22499